000 00835nam a22002297a 4500
005 20090922162933.0
008 090922t xxu||||| |||| 00| 0 eng d
010 _aB-358165
020 _a8183411355
_c100.00 (app.)
035 _aB-358165
037 _bDBAD / PUB
040 _adpl
_bEnglish
082 _aS
100 _aDoyle, Sir Arthur Canan
245 _aThe adventures of Sherlock Holmes /
_cby Sir Arthur Canan Doyle
260 _aDelhi
_bRohan Book Company
_c2004
270 _aG-22, Indraprastha Apptt. Patpar Ganj, Plot No. 114,
_bDelhi
_e110092
300 _a328p.
_bill.
_c20cm(Hb)
490 _aClassic library
942 _2ddc
_cCH
_hS
_mDOY
999 _c30606
_d30606